Подробности
| 000 -МАРКЕР |
| контрольное поле |
01817nam0a22003371 4500 |
| 001 - ИДЕНТИФИКАТОР ЗАПИСИ |
| контрольное поле |
rc\2673247 |
| 005 - ИДЕНТИФИКАТОР ВЕРСИИ |
| контрольное поле |
20260408055318.0 |
| 010 ## - МЕЖДУНАРОДНЫЙ СТАНДАРТНЫЙ НОМЕР КНИГИ (ISBN) |
| Цена |
Беспл. |
| Тираж |
700 |
| 021 ## - НОМЕР ГОСУДАРСТВЕННОЙ РЕГИСТРАЦИИ |
| Код страны |
российская федерация |
| Номер |
1750/32 г. |
| 035 ## - ДРУГИЕ СИСТЕМНЫЕ НОМЕРА |
| Идентификатор записи |
(NLR Aleph) 006801772 |
| 100 ## - ДАННЫЕ ОБЩЕЙ ОБРАБОТКИ |
| Данные общей обработки |
20110915d1931 |||y0rusy50 ca |
| 101 0# - ЯЗЫК РЕСУРСА |
| Язык текста, звукозаписи и т.д. |
русский |
| 102 ## - СТРАНА ПУБЛИКАЦИИ ИЛИ ПРОИЗВОДСТВА |
| Страна публикации |
российская федерация |
| 105 ## - ПОЛЕ КОДИРОВАННЫХ ДАННЫХ: ТЕКСТОВЫЕ МАТЕРИАЛЫ, МОНОГРАФИЧЕСКИЕ |
| Кодированные данные о монографическом текстовом документе |
y z ||||| |
| 200 1# - ЗАГЛАВИЕ И СВЕДЕНИЯ ОБ ОТВЕТСТВЕННОСТИ |
| Основное заглавие |
Изучение карста на Самарской Луке применительно к разрешению проблемы Волгостроя |
| Сведения, относящиеся к заглавию |
[тезисы] |
| -- |
доклад Гидротехгеоинститута |
| Первые сведения об ответственности |
докладчик А.С. Барков |
| Последующие сведения об ответственности |
1-й Всес. гидрогеолог. съезд |
| 210 ## - ПУБЛИКАЦИЯ, РАСПРОСТРАНЕНИЕ И ДР. |
| Место издания, распространения и т.д. |
[Ленинград] |
| Имя издателя, распространителя и т. д. |
Геолгиз |
| Дата издания, распространения и т.д. |
[1931] |
| Имя изготовителя |
типография им. Котлякова |
| 215 ## - ФИЗИЧЕСКАЯ ХАРАКТЕРИСТИКА |
| Специфическое обозначение материала и объем |
3 с. |
| Размеры |
18х13 |
| 309 ## - ПРИМЕЧАНИЯ ОБ ОСНОВНОМ ИСТОЧНИКЕ ИНФОРМАЦИИ И ОБ ОСОБЕННОСТЯХ ПОЛИГРАФИЧЕСКОГО ОФОРМЛЕНИЯ ИЗДАНИЯ |
| Текст примечания |
Без тит. л. и обложки |
| 601 02 - НАИМЕНОВАНИЕ ОРГАНИЗАЦИИ КАК ПРЕДМЕТ |
| Начальный элемент ввода |
Волгострой |
| Формальный подзаголовок |
Тезисы |
| Тематический подзаголовок |
Гидротехнические изыскания |
| Системный номер авторитетной/нормативной записи |
1398836 |
| Идентификатор авторитетной/нормативной записи |
RU\NLR\AUTH\66275915 |
| 606 1# - НАИМЕНОВАНИЕ ТЕМЫ КАК ПРЕДМЕТ |
| Наименование темы |
Карстовые явления |
| Формальный подзаголовок |
Тезисы |
| Тематический подзаголовок |
Гидрологические исследования |
| Системный номер авторитетной/нормативной записи |
1414194 |
| Идентификатор авторитетной/нормативной записи |
RU\NLR\AUTH\66284545 |
| 607 ## - ГЕОГРАФИЧЕСКОЕ НАИМЕНОВАНИЕ КАК ПРЕДМЕТ |
| Географическое наименование |
Самарская Лука (Волга, река) |
| Формальный подзаголовок |
Тезисы |
| Тематический подзаголовок |
Гидротехнические изыскания |
| Системный номер авторитетной/нормативной записи |
1398840 |
| Идентификатор авторитетной/нормативной записи |
RU\NLR\AUTH\66275917 |
| 702 #1 - ИМЯ ЛИЦА - ВТОРИЧНАЯ ОТВЕТСТВЕННОСТЬ |
| Начальный элемент ввода |
Барков |
| Часть имени, кроме начального элемента ввода |
А.С. |
| Код отношения |
Прочие |
| 710 02 - НАИМЕНОВАНИЕ ОРГАНИЗАЦИИ - ПЕРВИЧНАЯ ОТВЕТСТВЕННОСТЬ |
| Начальный элемент ввода |
ВНИИ инж.-строит. гидротехники и инж. гидрогеологии |
| Идентификатор авторитетной/нормативной записи |
RU\NLR\AUTH\883938 |
| Системный номер авторитетной/нормативной записи |
279219 |
| 712 12 - НАИМЕНОВАНИЕ ОРГАНИЗАЦИИ - ВТОРИЧНАЯ ОТВЕТСТВЕННОСТЬ |
| Код отношения |
Прочие |
| Начальный элемент ввода |
Всесоюзный гидрогеологический съезд |
| Порядковый номер временной организации и / или порядковый номер ее части |
1 |
| Дата проведения временной организации |
1931 |
| Место проведения временной организации |
Ленинград |
| Идентификатор авторитетной/нормативной записи |
RU\NLR\AUTH\8810202561 |
| Системный номер авторитетной/нормативной записи |
293166 |
| 801 #0 - ИСТОЧНИК ЗАПИСИ |
| Страна |
российская федерация |
| Организация |
NLR |
| Правила каталогизации |
psbo |
| 801 #1 - ИСТОЧНИК ЗАПИСИ |
| Страна |
российская федерация |
| Организация |
ELAR |
| Источник данных |
rusmarc |
| 801 #2 - ИСТОЧНИК ЗАПИСИ |
| Страна |
российская федерация |
| Организация |
NLR |
| Дата составления |
20170720 |
| Источник данных |
rusmarc |
| 852 ## - МЕСТОНАХОЖДЕНИЕ И ШИФР ХРАНЕНИЯ |
| Идентификатор организации |
NLR |
| Шифр хранения (Call Number) |
32-8/4541 |
| 942 ## - ДОПОЛНИТЕЛЬНЫЕ ЭЛЕМЕНТЫ ЗАПИСИ (АБИС) |
| Тип экземпляра АБИС |
Книга |
| 980 ## - КОЛЛЕКЦИЯ |
| Название коллекции |
Национальная библиография |